000 00343nam a2200133Ia 4500
008 240624s9999 xx 000 0 und d
041 _aeng
082 _a515.15 SIL
100 _aSILVERMAN RICHARD A
245 _aMODERN CALCULUS AND ANALYTIC GEOMETRY
260 _c2012
_aNew York
_bDover Publications
300 _a1056 : p.
365 _c
_b30
999 _c26593
_d26593